Alle Spieler von VFL Wolfsburg seit 00/01 - Statistiken

Allgemein
  • Dieses Quiz wurde 72 mal gespielt
  • Das Durchschnittsergebnis liegt bei 62 aus 280
Antwortstatistiken
VfL Wolfsburg % Korrekt
Maximilian Arnold
88%
Edin Dzeko
85%
Grafite
85%
Diego Benaglio
83%
Koen Casteels
79%
Julian Draxler
73%
Marius Müller
73%
Sven Müller
73%
Max Kruse
69%
Kamil Grabara
67%
Kevin De Bruyne
67%
Jonas Wind
65%
Mario Gomez
65%
Luiz Gustavo
63%
Naldo
63%
Christian Eriksen
60%
Mohamed Amoura
60%
Zvjezdan Misimovic
60%
Marcel Schäfer
58%
Victor Sa
58%
Andre Schürrle
56%
Bas Dost
56%
Francisco Rodriguez
56%
Josue
56%
Moritz Jenz
56%
Ricardo Rodriguez
56%
Yannick Gerhardt
56%
Diego
54%
Christian Gentner
52%
Konstantinos Koulierakis
52%
Wout Weghorst
52%
Lovro Majer
50%
Patrick Wimmer
50%
Alexander Madlung
48%
Dante
48%
Denis Vavro
48%
Andrea Barzagli
46%
Karsten Fischer
46%
Kilian Fischer
46%
Marwin Hitz
46%
Christian Träsch
44%
Ivan Perisic
44%
Ivica Olic
44%
Patrick Helmes
44%
Ridle Baku
44%
Simon Jentzsch
44%
Daniel Caligiuri
42%
Diego Klimowicz
42%
Mario Mandzukic
42%
Pavao Pervan
42%
Vieirinha
42%
Joakim Maehle
40%
Makoto Hasebe
40%
Sascha Riether
40%
Tiago Tomas
40%
John Brooks
38%
Joshua Guilavogui
38%
Matthias Svanberg
38%
Nicklas Bendtner
38%
Aaron Zehnter
35%
Junior Malanda
35%
Mike Hanke
35%
Omar Marmoush
35%
Xaver Schlager
35%
Jakub Blaszczykowski
33%
Jakub Kaminski
33%
Marcelinho
33%
Micky Van de Ven
33%
Robin Knoche
33%
Sebastian Jung
33%
Timm Klose
33%
Cristian Zaccardo
31%
Divock Origi
31%
Ja-Cheol Koo
31%
Josip Brekalo
31%
Kevin Behrens
31%
Maxence Lacroix
31%
Paulo Otavio
31%
Sebastiaan Bornauw
31%
Victor Osimhen
31%
Vini Souza
31%
Admir Mehmedi
29%
Andreas Skov Olsen
29%
Ashkan Dejagah
29%
Dzenan Pejcinovic
29%
Felix Nmecha
29%
Jeffrey Bruma
29%
Kevin Paredes
29%
Lukas Nmecha
29%
Renato Steffen
29%
Stefan Effenberg
29%
Aaron Hunt
27%
Adam Daghim
27%
Aster Vranckx
27%
Daniel Ginczek
27%
Elvis Rexhbecaj
27%
Hasan Salihamidzic
27%
Marco Russ
27%
Marin Pongracic
27%
Sael Kumbedi
27%
William
27%
Martin Petrov
25%
Rogerio
25%
Yunus Malli
25%
Bartosz Bialek
23%
Ignacio Camacho
23%
Jan Polak
23%
Luca Waldschmidt
23%
Max Grün
23%
Miroslav Karhan
23%
Obafemi Martins
23%
Patrick Ochs
23%
Ricardo Costa
23%
Simon Kjaer
23%
Andre Lenz
21%
Arne Friedrich
21%
Bence Dardai
21%
Daniel Didavi
21%
Emanuel Pogatetz
21%
Jerome Roussillon
21%
Martin Wagner
21%
Paul Verhaegh
21%
Srdjan Lakic
21%
Fabian Johnson
19%
Luca Itter
19%
Pablo Thiam
19%
Paul Seguin
19%
Petr Jiracek
19%
Riechedly Bazoer
19%
Roy Präger
19%
Amin Sarr
17%
Andres D'Alessandro
17%
Cedric Makiadi
17%
Daniel Baier
17%
Felix Klaus
17%
Hans Sarpei
17%
Jacek Krzynowek
17%
Jan Simunek
17%
Landry Dimata
17%
Maximilian Philipp
17%
Nicolas Cozza
17%
Sebastian Schindzielorz
17%
Vaclav Cerny
17%
Claus Reitmaier
15%
Dodi Lukebakio
15%
Kevin Mbabu
15%
Maik Franz
15%
Philipp Wollscheid
15%
Salih Özcan
15%
Sergiu Radu
15%
Sotiris Kyrgiakos
15%
Stefan Schnoor
15%
Thomas Brdaric
15%
Albert Streit
13%
Caiuby
13%
Charles Akonnor
13%
David Odogu
13%
Dorinel Munteanu
13%
Jonathan Akpoborie
13%
Kevin Hofland
13%
Mads Roerslev
13%
Michael Schulze
13%
Peter Pekarik
13%
Slobodan Medojevic
13%
Thomas Hitzlsperger
13%
Thomas Kahlenberg
13%
Tobias Rau
13%
Tolga Cigerci
13%
Vlad Munteanu
13%
Alexander Esswein
10%
Andrzej Juskowiak
10%
Bruno Henrique
10%
Cedric Zesiger
10%
Chris
10%
Daniel Adlung
10%
Fagner
10%
Felix Uduokhai
10%
Jesper Lindstrom
10%
Kento Shiogai
10%
Krzysztof Nowak
10%
Patrick Weiser
10%
Peter Van der Heyden
10%
Zoltan Sebescen
10%
Aleksandr Hleb
8%
Bennit Bröger
8%
Borja Mayoral
8%
Dietmar Kühbauer
8%
Fernando Baiano
8%
Jenson Seelt
8%
Jonathan Santana
8%
Juan Carlos Menseguez
8%
Kamani Hill
8%
Marian Hristov
8%
Paul-Georges Ntep
8%
Pharell Hensel
8%
Robson Ponte
8%
Sebastian Polter
8%
Christopher Lamprecht
6%
Cicero
6%
Dieumerci Mbokani
6%
Facundo Quiroga
6%
Hendrik Hansen
6%
Ismail Azzaoui
6%
Jan Bürger
6%
Jannes Horn
6%
Mahir Saglik
6%
Marcel Tisserand
6%
Rick Hoogendorp
6%
Thomas Rytter
6%
Tomislav Maric
6%
Alexander Laas
4%
Bartol Franjic
4%
Bjarne Thoelke
4%
Carlos Ascues
4%
Danijel Ljuboja
4%
Felipe Lopes
4%
Frank Greiner
4%
Giovanni Sio
4%
Isaac Boakye
4%
Karim Ziani
4%
Kaylen Hinds
4%
Kim Madsen
4%
Matthias Langkamp
4%
Michael Madsen
4%
Peter Madsen
4%
Rodrigo Alvim
4%
Sergey Karimov
4%
Stefan Kutschke
4%
Steve Marlet
4%
Tim Siersleben
4%
Tuncay Sanli
4%
Willi Evseev
4%
Yohandry Orozco
4%
Yoshito Okubo
4%
Abuda
2%
Alex
2%
Christian Ritter
2%
Claus Thomsen
2%
Daniel Reiche
2%
Ferhan Hasani
2%
Gernot Plassnegger
2%
Hrvoje Cale
2%
Ibrahim Sissoko
2%
John Yeboah
2%
Justin Möbius
2%
Kofi Amoako
2%
Leandro Putaro
2%
Levan Tskitishvili
2%
Lukas Ambros
2%
Mame Niang
2%
Marino Biliskov
2%
Marko Topic
2%
Michael Stegmayer
2%
Paul Jaeckel
2%
Rasmus Jönsson
2%
Rever
2%
Thomas Hengen
2%
Uwe Möhrle
2%
Waldemar Kryger
2%
Waldo Ponce
2%
Andreas Voss
0%
Bartosz Romanczuk
0%
Benjamin Siegert
0%
Bojan Neziri
0%
Brian O'Neil
0%
Dusan Petkovic
0%
Emeka Ifejiagwa
0%
Joshua Kennedy
0%
Jürgen Rische
0%
Mamoudou Karamoko
0%
Marcel Maltritz
0%
Markus Feldhoff
0%
Michael Habryka
0%
Michal Janicki
0%
Mirko Hrgovic
0%
Oscar Ahumada
0%
Pablo Quatrocchi
0%
Sead Ramovic
0%
Stefan Lorenz
0%
Tom Van der Leegte
0%
Keine übereinstimmenden Quizze gefunden
Verteilung der Resultate
Anzahl Personen mit jedem Resultat
Perzentil nach korrekt beantworteten Fragen
Ihre Resultats-Entwicklung
Sie haben dieses Quiz noch nicht gespielt